Il problema dell'unità nazionale nella Grecia antica
Salvato in:
| Autore principale: | |
|---|---|
| Natura: | Libro |
| Lingua: | italiano |
| Pubblicazione: |
Roma
L'Erma di Bretschneider
1972
|
| Serie: | Studia Historica, 105
|
| Soggetti: | |
| Tags: |
Aggiungi Tag
Nessun Tag, puoi essere il primo ad aggiungerne!!
|
MARC
| LEADER | 00000nam a2200000 a 4500 | ||
|---|---|---|---|
| 001 | UCI9099 | ||
| 003 | CL-VaPUC | ||
| 008 | 081024e19720000IT |||||||||||||||||ita|d | ||
| 082 | 0 | 4 | |a 938 |b FER |2 21 |
| 100 | 0 | |a Ferrabino, Aldo |e author |9 532749 | |
| 245 | 1 | 3 | |a Il problema dell'unità nazionale nella Grecia antica |
| 300 | |a v | ||
| 942 | |c BK | ||
| 945 | |d 20081024 00:00:00 |a cmena | ||
| 260 | |a Roma |b L'Erma di Bretschneider |c 1972 | ||
| 500 | |a v.1: Arato di Sicione e l'idea nazionale | ||
| 650 | 0 | |a Historia antigua |9 267521 | |
| 650 | 0 | |a Historia constitucional |9 256052 | |
| 650 | 0 | |a Problemas políticos |9 393181 | |
| 650 | 0 | |a Política y gobierno |9 255151 | |
| 651 | 0 | |a Grecia |9 265314 | |
| 583 | |a last modification |c 20081024 00:00:00 |k Rodrigo Vera | ||
| 490 | 0 | |a Studia Historica, 105 | |
| 999 | |c 331749 |d 331747 | ||
| 952 | |0 0 |1 0 |4 0 |6 938_000000000000000_FER_1972 |7 0 |8 A |9 418823 |a BIBHIS |b BIBHIS |d 2019-11-22 |h v.1 |i 4493222 |o 938 FER 1972 |p 4493222 |r 2023-01-25 |w 2019-11-22 |y BK |k HIS | ||